000 00859nam a22002297a 4500
003 OSt
005 20260128094515.0
008 230605b ||||| |||| 00| 0 eng d
040 _cSSBUL
041 _ashan
082 _223
_a294.3443
100 0 _aသုဝရ(မၢဝ်းၶမ်း)၊
_cၸဝ်ႈသြႃႇ။
_924352
245 1 0 _aပပ်ႉထမ်းၵႅဝ်ႈ(မၢႆ-7) /
_cၸဝ်ႈသြႃႇသုဝရ(မၢဝ်းၶမ်း)။
260 _aတူၼ်ႈတီး၊
_bဢွင်ႇပၢၼ်းၽိဝ်ႇ၊
_c2016 ။
300 _aE, 304 ၼႃႈ၊
_c22 ၸိၼ်ႇတီႇ။
500 _a S-SAT: Dr. Prof Sai Aung Tun
504 _aပႃးၽိုၼ်ဢိင်
650 _aတြႃးၽြႃးပဵၼ်ၸဝ်ႈ
942 _cBK
942 _2ddc
942 _2ddc
999 _c25243
_d25243